[Event "Tourn. n9928"]
[Site "www.echecsemail.com"]
[Date "2018.09.01"]
[Round "1"]
[White "Gilliere"]
[Black "Kuriero"]
[WhiteElo "2050"]
[BlackElo "2060"]
[Result "0-1"]
[Round "1"]
1.e4 e5
2.Ng1f3 Nb8c6
3.Bf1b5 Ng8f6
4.O-O Nf6xe4
5.d4 Ne4d6
6.Bb5xc6 dxc6
7.dxe5 Nd6f5
8.Qd1e2 Nf5d4
9.Nf3xd4 Qd8xd4
10.Rf1d1 Bc8g4
11.Rd1xd4 Bg4xe2
12.Nb1c3 Be2h5
13.Nc3e4 Bf8e7
14.Bc1f4 Ra8d8
15.Rd4xd8 Kxd8
16.f3 Bh5g6
17.Ra1d1 Kc8
18.Rd1e1 Bg6f5
19.g4 Bf5g6
20.c3 h5
21.Bf4g5 Bg6xe4
22.Bg5xe7 Be4xf3
23.gxh5 Kd7
24.Be7c5 b6
25.Bc5e3 Bf3xh5
26.Be3f4 Ke6
27.Bf4g3 Rh8d8
28.a3 Rd8d2
29.b3 Rd2b2
30.b4 Rb2b3
31.Re1c1 Rb3xa3
32.Kg2 a5
33.bxa5 Ra3xa5
34.Kh3 c5
35.Kh4 Bh5f3
36.Kh3 Ra5a4
{ resign }
0-1

[Event "Tourn. n9822"]
[Site "www.echecsemail.com"]
[Date "2018.09.01"]
[Round "1"]
[White "Iko"]
[Black "Alvarin111"]
[WhiteElo "1720"]
[BlackElo "1820"]
[Result "1-0"]
[Round "1"]
1.e4 e6
2.e5 d5
3.d4 h6
4.Bf1d3 Nb8c6
5.Ng1f3 Bf8b4
6.c3 Bb4a5
7.b4 Ba5b6
8.O-O a6
9.Qd1a4 Bc8d7
10.Nb1d2 Nc6xd4
11.Qa4a3 Bd7b5
12.Nf3xd4 Bb5xd3
13.Rf1d1 Ng8e7
14.Nd2f3 Bd3h7
15.Bc1e3 Ra8c8
16.Qa3a4 c6
17.Ra1b1 Bh7xb1
18.Rd1xb1 O-O
19.Rb1d1 Ne7f5
20.g4 Nf5xe3
21.fxe3 Bb6xd4
22.Nf3xd4 Qd8e8
23.Qa4a5 Qe8d8
24.Qa5a3 Qd8g5
25.Rd1e1 Qg5xg4
26.Kh1 Qg4e4
27.Kg1 Qe4xe5
28.Nd4f3 Qe5h5
29.Re1f1 f6
30.Nf3d4 Rc8e8
31.Rf1f4  { time }
1-0

[Event "Match"]
[Site "www.echecsemail.com"]
[Date "2018.09.01"]
[Round "1"]
[White "Kyleouten18"]
[Black "Logout"]
[WhiteElo "1499"]
[BlackElo "1499"]
[Result "0-1"]
[Round "1"]
1.e3 d5
2.Bf1d3 c5
3.Nb1c3 Nb8c6
4.Nc3xd5 Qd8xd5
5.Bd3f5 Qd5xf5
6.Ng1f3 Qf5d7
7.d4 cxd4
8.a4 dxe3
9.fxe3 Qd7xd1
10.Kf2 Qd1xh1
11.Ke2 Qh1xg2
12.Kd3 Bc8f5
13.Kc3 Qg2xc2
{ resign }
0-1

[Event "Tourn. n9884"]
[Site "www.echecsemail.com"]
[Date "2018.09.01"]
[Round "1"]
[White "Azulmarino"]
[Black "Kuriero"]
[WhiteElo "1620"]
[BlackElo "1569"]
[Result "0-1"]
[Round "1"]
1.e4 c5
2.Bf1c4 e6
3.Ng1f3 Nb8c6
4.a3 a6
5.Nb1c3 b5
6.Bc4b3 Bc8b7
7.d3 Ng8e7
8.Nf3g5 h6
9.Ng5f3 Ne7g6
10.h4 Bf8e7
11.Bc1e3 d6
 { time }
0-1

[Event "Match"]
[Site "www.echecsemail.com"]
[Date "2018.09.01"]
[Round "1"]
[White "Goofy"]
[Black "Lcbunghai"]
[WhiteElo "2350"]
[BlackElo "2170"]
[Result "1-0"]
[Round "1"]
1.e4 c6
2.d4 d5
3.exd5 cxd5
4.Bf1d3 Ng8f6
5.Bc1f4 Nb8c6
6.c3 e6
7.Ng1f3 Bf8e7
8.Nb1d2 O-O
9.O-O h6
10.Nf3e5 Qd8b6
11.Qd1c2 a5
12.Ra1e1 Nf6d7
13.Nd2f3 Rf8d8
14.Bd3h7 Kf8
15.Ne5xf7 Kxf7
16.Qc2g6 Kf8
17.Bf4xh6 { resign }
1-0

[Event "Tourn. n9917"]
[Site "www.echecsemail.com"]
[Date "2018.09.01"]
[Round "1"]
[White "Tartan"]
[Black "Joskomol"]
[WhiteElo "2580"]
[BlackElo "2240"]
[Result "1-0"]
[Round "1"]
1.d4 d5
2.c4 dxc4
3.Ng1f3 Ng8f6
4.e3 Bc8e6
5.Nb1c3 c6
6.Nf3g5 Be6f5
7.Bf1xc4 e6
8.O-O  { time }
1-0

[Event "Match"]
[Site "www.echecsemail.com"]
[Date "2018.09.01"]
[Round "1"]
[White "J1j6"]
[Black "Gambitmiau"]
[WhiteElo "1950"]
[BlackElo "1960"]
[Result "0-1"]
[Round "1"]
1.e4 Nb8c6
2.f4 d5
3.exd5 Qd8xd5
4.Nb1c3 Qd5e6
5.Qd1e2 Nc6d4
6.Qe2xe6 Bc8xe6
7.Bf1d3 Be6c4
8.Bd3xc4 Nd4xc2
9.Kd1 Nc2xa1
10.Nc3b5 O-O-O
11.Bc4xf7 a6
12.Nb5c3 Ng8h6
13.Bf7e6 Kb8
14.Ng1f3 Nh6g4
15.Be6xg4 g6
16.b3 Bf8g7
17.Bc1b2 Na1xb3
18.axb3 Rd8d3
19.Kc2 Rh8d8
20.Rh1e1 h5
21.Bg4h3 Bg7h6
22.Nf3e5 Rd3xd2
23.Kb1 Bh6xf4
24.Ne5f3 Rd2d6
25.Re1xe7 g5
26.g4 hxg4
27.Bh3xg4 Rd6b6
28.Ka2 a5
29.Nc3a4 Rb6c6
30.Re7g7 Rc6c2
31.Nf3xg5 Bf4e5
32.Rg7e7 b5
33.Re7xe5 bxa4
34.Re5b5 Ka7
35.Rb5xa5 Kb6
36.Ra5xa4 Rd8d2
37.h3 Rc2xb2
38.Ka3 Rb2a2
39.Kb4 c5
40.Kc4 Ra2c2

0-1

[Event "Match"]
[Site "www.echecsemail.com"]
[Date "2018.09.01"]
[Round "1"]
[White "Apdash"]
[Black "Goofy"]
[WhiteElo "2110"]
[BlackElo "2360"]
[Result "1/2-1/2"]
[Round "1"]
1.e4 d6
2.Ng1f3 Ng8f6
3.Nb1c3 Nb8d7
4.Bf1c4 h6
5.O-O e5
6.d4 Bf8e7
7.dxe5 dxe5
8.Qd1e2 c6
9.h3 Qd8c7
10.Bc1e3 Nd7f8
11.Ra1d1 Bc8e6
12.Bc4xe6 Nf8xe6
13.Rd1d2 O-O
14.Qe2c4 b5
15.Qc4b3 a5
16.a3 Ne6c5
17.Be3xc5 Be7xc5
18.Rf1e1 Rf8d8
19.Rd2xd8 Ra8xd8
20.Nc3d1 Nf6xe4
21.Kf1 a4
22.Qb3a2 Ne4d2
23.Nf3xd2 Rd8xd2
24.b4 Bc5b6
25.Nd1e3 Qc7a7
26.Qa2a1 Bb6xe3
27.Re1xe3 Qa7d4
28.Qa1c3 Qd4xc3
29.Re3xc3 Rd2d6
30.Ke2 f6
31.Rc3c5 Kf7
{ draw }
1/2-1/2

[Event "Tourn. n9887"]
[Site "www.echecsemail.com"]
[Date "2018.09.01"]
[Round "1"]
[White "Fabos12"]
[Black "Osopanda"]
[WhiteElo "1970"]
[BlackElo "1830"]
[Result "0-1"]
[Round "1"]
1.d4 d5
2.Ng1f3 e6
3.Bc1f4 Bf8d6
4.Bf4xd6 cxd6
5.Nb1d2 Ng8f6
6.c3 O-O
7.Qd1c2 Nb8c6
8.e4 dxe4
9.Nd2xe4 e5
10.Ne4xf6 Qd8xf6
11.d5 Nc6e7
12.O-O-O Bc8f5
13.Bf1d3 Bf5xd3
14.Qc2xd3 Rf8c8
15.Qd3b5 a6
16.Qb5xb7 Ra8b8
17.Qb7a7 Qf6f4
18.Kb1 Kf8
19.Ka1 Qf4a4
20.Nf3g5 { time. }
0-1

[Event "Match"]
[Site "www.echecsemail.com"]
[Date "2018.09.01"]
[Round "1"]
[White "Minorsana"]
[Black "Dussek"]
[WhiteElo "1459"]
[BlackElo "1840"]
[Result "1-0"]
[Round "1"]
1.e4 e6
2.d4 d5
3.Nb1c3 Ng8f6
4.e5 Nf6d7
5.f4 c5
6.Ng1f3 Nb8c6
7.Bc1e3 f6
8.exf6 Nd7xf6
9.dxc5 Bf8e7
10.Qd1d2 O-O
11.O-O-O Bc8d7
12.Bf1b5 a6
13.Bb5xc6 Bd7xc6
14.Be3d4 Ra8c8
15.Qd2e3 Nf6e4
16.Nc3xe4 Qd8c7
17.Bd4e5 Qc7d7
18.Kb1 Qd7e8
19.Ne4d6 Be7xd6
20.Be5xd6 Rf8f7
21.Rh1e1 Bc6b5
22.g4 Qe8d7
23.Nf3e5 { resign }
1-0

[Event "1/128 Finale"]
[Site "www.chess-mail.com"]
[Date "2018.09.01"]
[Round "1"]
[White "Rav"]
[Black "Europerl"]
[WhiteElo "1499"]
[BlackElo "1809"]
[Result "1-0"]
[Round "1"]
1.e4 c5
2.c3 Ng8f6
3.e5 Nf6d5
4.d4 cxd4
5.Ng1f3 Nb8c6
6.cxd4 d6
7.Bf1c4 Nd5b6
8.Bc4b3  { time }
1-0

[Event "Fast Game"]
[Site "www.echecsemail.com"]
[Date "2018.09.01"]
[Round "1"]
[White "Krazy4chess"]
[Black "Coolant"]
[WhiteElo "1880"]
[BlackElo "2020"]
[Result "0-1"]
[Round "1"]
1.e4 d5
2.exd5 Qd8xd5
3.Nb1c3 Qd5a5
4.d4 Ng8f6
5.Ng1f3 Bc8f5
6.Bc1d2 e6
7.Nc3e4 Qa5b6
8.Ne4xf6 gxf6
9.Bd2c3 Bf8b4
10.Bf1d3 Bf5xd3
11.Qd1xd3 Nb8d7
12.Nf3d2 Bb4xc3
13.Qd3xc3 O-O-O
14.O-O-O Rh8g8
15.g3 f5
16.f4 Nd7f6
17.Nd2c4 Qb6a6
18.Qc3b3 Nf6e4
19.Rh1f1 h5
20.Nc4e3 h4
21.gxh4 Rg8h8
22.d5 Qa6b6
23.dxe6 Rd8xd1
24.Rf1xd1 fxe6
25.Qb3a3 Qb6c5
26.Qa3d3 b5
27.Qd3b3 Kb7
28.Ne3g2 Qc5c6
29.Qb3f3 Rh8g8
30.Ng2e3 Rg8h8
31.h5 Ne4f6
32.Qf3g3 Rh8xh5
33.Qg3g6 Qc6f3
34.Ne3g4 Qf3xf4
{ resign }
0-1

[Event "Fast Game"]
[Site "www.echecsemail.com"]
[Date "2018.09.01"]
[Round "1"]
[White "Rav"]
[Black "Apdash"]
[WhiteElo "1729"]
[BlackElo "1870"]
[Result "0-1"]
[Round "1"]
1.e4 e5
2.Ng1f3 Nb8c6
3.Bf1c4 Bf8c5
4.O-O Ng8f6
5.d4 Bc5xd4
6.Nf3xd4 Nc6xd4
7.Bc1g5 h6
8.Bg5h4 Qd8e7
9.Nb1c3 c6
10.f4 d6
11.a4 Bc8e6
12.Bc4xe6 Qe7xe6
13.fxe5 { time. }
0-1

[Event "Match"]
[Site "www.echecsemail.com"]
[Date "2018.09.02"]
[Round "1"]
[White "Alessiov"]
[Black "Caspito"]
[WhiteElo "2260"]
[BlackElo "1920"]
[Result "1-0"]
[Round "1"]
1.e4 e5
2.Ng1f3 Ng8f6
3.Nf3xe5 Nb8c6
4.Ne5xc6 dxc6
5.d3 Bf8c5
6.Bf1e2 Qd8d4
7.O-O O-O
8.c3 Qd4d6
9.d4 Nf6xe4
10.Nb1d2 Ne4xd2
11.dxc5 Nd2f3
12.Be2xf3 Qd6xc5
13.Bc1f4 Qc5b6
14.Rf1e1 Qb6xb2
15.Qd1d3 Bc8e6
16.Re1b1 Qb2a3
17.Rb1xb7 Ra8d8
18.Qd3e3 Be6d5
19.Bf3xd5 Rd8xd5
20.Rb7xa7 Qa3b2
21.Ra1e1 Rd5f5
22.Ra7a8 g6
23.Ra8xf8 Kxf8
24.Bf4h6 { resign }
1-0

[Event "Tourn. n9916"]
[Site "www.echecsemail.com"]
[Date "2018.09.02"]
[Round "1"]
[White "Paes19"]
[Black "Iko"]
[WhiteElo "1900"]
[BlackElo "1680"]
[Result "0-1"]
[Round "1"]
1.e4 e5
2.Ng1f3 d6
3.h3 g5
4.d4 g4
5.hxg4 Bc8xg4
6.Bf1e2 Nb8c6
7.d5 Nc6e7
8.Bc1g5 f6
 { time }
0-1

[Event "Match"]
[Site "www.echecsemail.com"]
[Date "2018.09.02"]
[Round "1"]
[White "Dussek"]
[Black "J1j6"]
[WhiteElo "1760"]
[BlackElo "1930"]
[Result "0-1"]
[Round "1"]
1.d4 Ng8f6
2.Bc1g5 e6
3.e4 Bf8e7
4.e5 Nf6d5
5.Bg5xe7 Qd8xe7
6.c3 Nd5f4
7.Qd1g4 g5
8.Ng1h3 Nf4xh3
9.Qg4xh3 h5
10.Bf1e2 g4
11.Qh3e3 d6
12.O-O d5
13.Nb1d2 Nb8d7
14.Nd2b3 b6
15.Be2d3 c5
16.Bd3b5 c4
17.Nb3d2 a6
18.Bb5a4 b5
19.Ba4c2 b4
20.Ra1b1 bxc3
21.bxc3 h4
22.f4 gxf3
23.Rf1xf3 f5
24.exf6 Nd7xf6
25.Bc2g6 Kd8
26.Qe3g5 Nf6d7
27.Qg5xe7 Kxe7
28.Rf3f7 Kd6
29.Nd2f3 Rh8g8
30.Nf3xh4 Nd7b8
31.Rb1b6 Nb8c6
32.Bg6h7 Rg8h8
33.Nh4g6 Rh8d8
34.Ng6e7 Bc8d7
35.Ne7xc6 Bd7xc6
36.a4 Rd8d7
37.Rf7xd7 Kxd7
38.h3 Bc6xa4
39.Rb6b7 Kc6
40.Rb7e7 Kd6
41.Re7b7 Ba4c6
42.Rb7b6 a5
43.Bh7c2 a4
44.Rb6b1 a3
45.Rb1a1 a2
46.Kf2 Ra8a3
47.Ke2 e5
48.dxe5 Kxe5
49.Kd2 Kf4
50.Kc1 Ra3xc3
51.Ra1xa2 d4
52.Ra2a6 Bc6xg2
53.Ra6f6 Kg3
54.Kd2 Bg2xh3
55.Rf6g6 Kh2
56.Rg6h6 Rc3g3
57.Rh6h4 c3
58.Ke2 Rg3g2
59.Kd3 Rg2d2
60.Kc4 Rd2xc2
61.Kxd4 Rc2c1
62.Kd3 Kg3
63.Rh4e4 Bh3f5
{ resign }
0-1

[Event "Match"]
[Site "www.echecsemail.com"]
[Date "2018.09.02"]
[Round "1"]
[White "Caspito"]
[Black "Deneb"]
[WhiteElo "1920"]
[BlackElo "1600"]
[Result "0-1"]
[Round "1"]
1.e4 e5
2.Ng1f3 Nb8c6
3.Bf1c4 Bf8c5
4.O-O Ng8f6
5.c3 d6
6.Nf3g5 O-O
7.b4 Bc5b6
8.d4 exd4
9.cxd4 Bb6xd4
10.b5 Bd4xa1
11.bxc6 bxc6
12.Qd1b3 d5
13.exd5 cxd5
14.Bc4d3 c5
15.Bd3c2 h6
16.Ng5f3 Qd8b6
17.Qb3d3 Bc8a6
18.Bc1f4 Ba6xd3
19.Bc2xd3 c4
20.Bd3f5 Ba1b2
21.Nb1d2 Qb6b4
22.Rf1b1 c3
23.Nd2b3 Qb4xf4
24.Nf3d4 Nf6g4
{ resign }
0-1

[Event "Tourn. n9848"]
[Site "www.echecsemail.com"]
[Date "2018.09.02"]
[Round "1"]
[White "Alvarin111"]
[Black "Kevinking"]
[WhiteElo "1970"]
[BlackElo "1940"]
[Result "0-1"]
[Round "1"]
1.e4 e6
2.d4 d5
3.e5 c5
4.c3 Nb8c6
5.Ng1f3 Bc8d7
6.Bf1e2 Ng8e7
7.Bc1g5 Qd8b6
8.Qd1d2 Ne7f5
9.dxc5 Bf8xc5
10.O-O Qb6c7
11.Bg5f4 Nf5e7
12.Nb1a3 a6
13.Ra1c1 b5
14.b4 Bc5b6
15.Nf3d4 Ne7g6
16.Nd4xc6 Qc7xc6
17.Bf4g3 Qc6c7
18.Kh1 Qc7b7
19.f4 Qb7a7
 { time }
0-1

[Event "Match"]
[Site "www.echecsemail.com"]
[Date "2018.09.02"]
[Round "1"]
[White "Apdash"]
[Black "Jesmantiz"]
[WhiteElo "2040"]
[BlackElo "2220"]
[Result "1/2-1/2"]
[Round "1"]
1.d4 f5
2.c4 c6
3.Ng1f3 d6
4.Nb1c3 Nb8a6
5.a3 g6
6.e4 Bf8g7
7.Bf1d3 Ng8h6
8.Bc1xh6 Bg7xh6
9.Qd1c2 e6
10.exf5 exf5
11.O-O O-O
12.d5 Qd8f6
13.Rf1e1 Na6c5
14.b4 Nc5xd3
15.Qc2xd3 Bh6g7
16.Ra1c1 Bc8d7
17.Nc3e2 Ra8e8
18.Ne2f4 Bg7h6
19.Nf4e2 Bh6xc1
20.Re1xc1 g5
21.c5 cxd5
22.Qd3xd5 Rf8f7
23.Nf3d4 dxc5
24.Rc1xc5 Kg7
25.h3 Rf7e7
26.Ne2g3 Kg6
27.Nd4xf5 Re7e1
28.Kh2 Bd7c6
29.Qd5d3 Bc6e4
30.Ng3xe4 Re8xe4
31.Nf5g3 Qf6xf2
32.Qd3d6 Re4e6
33.Qd6d3 Re6e4
34.Qd3d6 Re4e6
35.Qd6d3 { draw }
1/2-1/2

[Event "Tourn. n9844"]
[Site "www.echecsemail.com"]
[Date "2018.09.02"]
[Round "1"]
[White "Cal"]
[Black "Passaroa25"]
[WhiteElo "1720"]
[BlackElo "1670"]
[Result "0-1"]
[Round "1"]
1.c4 Nb8c6
2.Nb1c3 Ng8f6
3.e4 e5
4.d3 Nc6d4
5.h3 c6
6.Bc1g5 h6
7.Bg5h4 g5
8.Bf1e2 gxh4
9.a3 Bf8g7
10.b4 O-O
11.Ra1b1 d6
12.Ng1f3 Nf6h5
13.O-O Nh5f6
14.Nf3xh4 Bc8d7
15.f4 b5
16.cxb5 Nd4xb5
17.f5 Qd8b6
18.Rf1f2 Nb5xc3
19.Qd1e1 Nc3xb1
20.Qe1xb1 Qb6d4
21.Kf1 c5
22.b5 Qd4a4
23.g4 Bd7xb5
24.Nh4g2 Qa4xa3
25.Ng2h4 Bb5a4
26.Kg2 Qa3c3
27.Nh4f3 Ba4c2
28.Qb1c1 a5
29.Nf3e1 Nf6xe4
30.Rf2f3 Bc2b3
31.Qc1xc3 Ne4xc3
32.Be2f1 Bb3d5
33.Kf2 Bd5xf3
34.Kxf3 Nc3d5
35.h4 Nd5b4
36.Ke4 Nb4c6
37.Kd5 Nc6d4
38.Kxd6 a4
39.Kxc5 Nd4b3
40.Kb4 Rf8b8
41.Ka3 f6
42.Ne1c2 Nb3d2
43.Bf1g2 Nd2b1
44.Ka2 Nb1c3
45.Ka1 Rb8b1
{ resign }
0-1

[Event "Tourn. n9916"]
[Site "www.echecsemail.com"]
[Date "2018.09.02"]
[Round "1"]
[White "0vespertine0"]
[Black "Cal"]
[WhiteElo "1629"]
[BlackElo "1710"]
[Result "0-1"]
[Round "1"]
1.f4 d5
2.Ng1f3 Nb8c6
3.b3 e6
4.Bc1b2 h6
5.e3 Ng8f6
6.Bf1e2 a6
7.O-O Nf6e4
8.Nb1c3 Bf8d6
9.Qd1e1 Bc8d7
 { time }
0-1

[Event "Tourn. n9913"]
[Site "www.echecsemail.com"]
[Date "2018.09.02"]
[Round "1"]
[White "Madz123456"]
[Black "Passaroa25"]
[WhiteElo "1690"]
[BlackElo "1660"]
[Result "1-0"]
[Round "1"]
1.e4 Nb8c6
2.d4 Ng8f6
3.e5 Nf6d5
4.c4 Nd5b4
5.a3 Nb4a6
6.b4 g6
7.b5 Nc6xd4
8.Qd1xd4 c5
9.Qd4e3 e6
10.bxa6 b6
11.Nb1c3 Bf8e7
12.Nc3e4 Bc8xa6
13.Ng1f3 Ra8b8
14.Qe3h6 Be7f8
15.Ne4d6 Ke7
16.Qh6g5 f6
17.Qg5xf6 
1-0

[Event "Match"]
[Site "www.echecsemail.com"]
[Date "2018.09.02"]
[Round "1"]
[White "Whitekknight"]
[Black "Apdash"]
[WhiteElo "1870"]
[BlackElo "2160"]
[Result "0-1"]
[Round "1"]
1.e4 c5
2.Ng1f3 d6
3.d4 cxd4
4.Nf3xd4 Nb8c6
5.Nd4xc6 bxc6
6.Nb1c3 Bc8d7
7.Bf1d3 Ng8f6
8.Bc1g5 e6
9.O-O Bf8e7
10.Qd1f3 e5
11.h3 O-O
12.Ra1d1 Qd8b6
13.Bg5c1 Bd7e6
14.b3 Ra8d8
15.Bc1b2 d5
16.exd5 cxd5
17.Nc3e2 e4
18.Qf3g3 exd3
19.Rd1xd3 Be6f5
20.Rd3d2 Bf5g6
21.Bb2d4 Be7c5
22.Bd4xf6 Qb6xf6
23.Rf1d1 d4
24.Ne2f4 Rf8e8
25.Kf1 Qf6a6
26.Kg1 Qa6xa2
27.Nf4xg6 fxg6
28.Qg3d3 Qa2a5
29.Qd3c4 Kh8
30.c3 Bc5b6
31.b4 Qa5f5
32.cxd4 Re8e4
33.Qc4c1 Re4xd4
34.Qc1c6 h5
35.Rd2xd4 Rd8xd4
36.Rd1xd4 Bb6xd4
37.Qc6e8 Kh7
38.Qe8e2 Qf5b1
39.Kh2 Qb1xb4
{ resign }
0-1

[Event "Match"]
[Site "www.echecsemail.com"]
[Date "2018.09.02"]
[Round "1"]
[White "Lcbunghai"]
[Black "Apdash"]
[WhiteElo "2180"]
[BlackElo "2090"]
[Result "0-1"]
[Round "1"]
1.Ng1f3 d6
2.d4 g6
3.c4 Bf8g7
4.g3 Ng8f6
5.Bf1g2 O-O
6.O-O Bc8g4
7.Nb1c3 Nb8c6
8.Bc1e3 Qd8d7
9.Ra1c1 a6
10.a3 h6
11.Qd1d2 Kh7
12.b4 Ra8d8
13.Rf1d1 Bg4h3
14.Nf3e1 Bh3xg2
15.Kxg2 Nf6g4
16.Ne1f3 e5
17.d5 Ng4xe3
18.fxe3 Nc6e7
19.e4 f5
20.Qd2d3 f4
21.Rd1f1 g5
22.Nc3d1 Ne7g6
23.Nd1f2 g4
24.Nf3g1 h5
25.Kh1 Bg7h6
26.Rc1c3 h4
27.Nf2d1 fxg3
28.Rf1xf8 Rd8xf8
29.hxg3 hxg3
30.Qd3xg3 Bh6f4
31.Qg3e1 Kg7
32.Nd1e3 Rf8h8
33.Kg2 Ng6h4
34.Kf1 Bf4h2
{ resign }
0-1

[Event "Match"]
[Site "www.echecsemail.com"]
[Date "2018.09.02"]
[Round "1"]
[White "Krystek23"]
[Black "Lcbunghai"]
[WhiteElo "2510"]
[BlackElo "2180"]
[Result "1-0"]
[Round "1"]
1.c4 e5
2.Nb1c3 Ng8f6
3.e4 c6
4.Ng1f3 d6
5.Bf1e2 Bc8e6
6.d4 exd4
7.Nf3xd4 Bf8e7
8.Bc1e3 O-O
9.f4 Be6d7
10.O-O Qd8c8
11.h3 Nb8a6
12.Be2f3 Na6c7
13.g4 Rf8d8
14.Qd1c2 Nf6e8
15.Qc2g2 Nc7a6
16.Ra1d1 Na6c7
17.Qg2g3 Nc7e6
18.Nd4f5 Be7f8
19.g5 g6
20.Nf5h6 Bf8xh6
21.gxh6 f6
22.f5 Ne6f8
23.Bf3h5 Kf7
24.fxg6 Nf8xg6
25.Bh5xg6 hxg6
26.h7 Ne8g7
27.Rf1xf6 { resign }
1-0

[Event "Tourn. n9924"]
[Site "www.echecsemail.com"]
[Date "2018.09.02"]
[Round "1"]
[White "Bojan"]
[Black "Apdash"]
[WhiteElo "2010"]
[BlackElo "2170"]
[Result "0-1"]
[Round "1"]
1.e4 e5
2.Ng1f3 Nb8c6
3.Bf1b5 Ng8e7
4.Nb1c3 a6
5.Bb5c4 h6
6.d4 exd4
7.Nf3xd4 Nc6xd4
8.Qd1xd4 b5
9.Bc4d3 Bc8b7
10.Bc1f4 Ne7g6
11.Bf4g3 c5
12.Qd4e3 c4
13.Bd3e2 Ra8c8
14.Nc3d5 Bb7xd5
15.exd5 Qd8e7
16.Qe3xe7 Bf8xe7
17.Be2g4 Be7f6
18.c3 Ng6e5
19.Bg4e2 d6
20.O-O-O O-O
21.f4 Ne5g6
22.h4 Rf8e8
23.Be2g4 Rc8d8
24.h5 Ng6e7
25.Rh1e1 Kf8
26.Re1e2 a5
27.Re2e4 g5
28.hxg6 Ne7xg6
29.Rd1e1 Ng6e7
30.Bg3f2 Ne7xd5
31.g3 Re8xe4
32.Re1xe4 Kg7
33.Bg4f3 Rd8c8
34.Re4e2 Nd5e7
35.Bf2e1 d5
36.Bf3g4 Rc8b8
37.Be1f2 b4
38.cxb4 axb4
39.Bf2c5 Ne7c6
40.Bg4d7 Nc6a5
41.Re2d2 b3
42.a3 c3
43.bxc3 Bf6xc3
44.Rd2d3 b2
45.Kb1 Na5b3
46.Bd7c6 d4
47.Bc5b4 Bc3xb4
48.axb4 Rb8xb4
49.Bc6d5 Nb3c5
50.Rd3d2 Nc5a4
{ resign }
0-1

[Event "Match"]
[Site "www.echecsemail.com"]
[Date "2018.09.02"]
[Round "1"]
[White "Apdash"]
[Black "Deneb"]
[WhiteElo "2160"]
[BlackElo "1940"]
[Result "0-1"]
[Round "1"]
1.e4 e5
2.Ng1f3 Nb8c6
3.Bf1b5 a6
4.Bb5a4 Ng8f6
5.d3 Bf8c5
6.Ba4xc6 dxc6
7.O-O Bc5d6
8.Bc1g5 Qd8e7
9.Nb1d2 h6
10.Bg5h4 Bc8g4
11.h3 Bg4h5
12.c3 g5
13.Bh4g3 O-O-O
14.Qd1c2 g4
15.Nf3h4 Qe7e6
16.f4 gxh3
17.f5 Qe6e7
18.gxh3 Rh8g8
19.Kh2 Rg8xg3
20.Kxg3 Rd8g8
21.Kh2 Nf6g4
22.Kh1 Qe7xh4
23.Rf1f3 Ng4f2
24.Kh2 Bh5xf3
{ resign }
0-1

[Event "Tourn. n9829"]
[Site "www.echecsemail.com"]
[Date "2018.09.02"]
[Round "1"]
[White "Passaroa25"]
[Black "Alvarin111"]
[WhiteElo "1610"]
[BlackElo "1889"]
[Result "1-0"]
[Round "1"]
1.Ng1f3 e6
2.Nb1c3 d5
3.d4 Nb8c6
4.e3 Bf8d6
5.Bf1e2 Ng8e7
6.Bc1d2 a6
7.O-O h6
8.Nf3e5 Nc6xe5
9.dxe5 Bd6xe5
10.f4 Be5d6
11.Be2f3 c6
12.Bd2e1 Qd8b6
13.Qd1c1 Bd6xf4
14.Nc3d1 Bf4e5
15.Be1c3 d4
16.Bc3d2 Ne7f5
17.b3 dxe3
18.Nd1xe3 Be5xa1
19.Qc1xa1 Nf5xe3
20.Bd2xe3 Qb6xe3
21.Rf1f2 O-O
22.c4 e5
23.g4 f5
24.Bf3d5 Kh8
25.Bd5f3 fxg4
26.Qa1b2 Rf8xf3
27.Kf1 Bc8f5
28.Qb2e2 Bf5d3
29.Ke1 Bd3xe2
30.Rf2xe2  { time }
1-0

[Event "Fast Game"]
[Site "www.echecsemail.com"]
[Date "2018.09.02"]
[Round "1"]
[White "J1j6"]
[Black "Krazy4chess"]
[WhiteElo "1479"]
[BlackElo "1839"]
[Result "0-1"]
[Round "1"]
1.d4 Ng8f6
2.c4 e6
3.Nb1c3 Bf8b4
4.Bc1d2 c5
5.Nc3b5 Qd8a5
6.dxc5 Nf6e4
7.Ng1f3 Ne4xd2
8.Nb5d6 Ke7
9.Nd6xc8 Rh8xc8
10.Nf3xd2 Qa5xc5
11.b3 Nb8c6
12.e3 Qc5e5
13.Bf1d3 Bb4xd2
14.Kxd2 Nc6b4
15.Qd1b1 Nb4xd3
16.Qb1xd3 Qe5b2
17.Qd3c2 Qb2xc2
18.Kxc2 b5
19.Kc3 bxc4
20.bxc4 d5
21.Rh1b1 Rc8xc4
22.Kd2 Ra8c8
23.Rb1b2 a5
24.Ra1b1 h6
25.Rb2b7 Rc8c7
26.Rb7xc7 Rc4xc7
27.Rb1b5 a4
28.Rb5a5 Rc7c4
29.Ra5a7 Kf6
30.f3 Kg6
31.g4 e5
32.Ra7a5 e4
33.Ra5xd5 exf3
34.Rd5f5 Rc4xg4
35.Rf5xf3 Rg4g2
{ resign }
0-1

[Event "Tourn. n9792"]
[Site "www.chess-mail.com"]
[Date "2018.09.03"]
[Round "1"]
[White "Pablincho"]
[Black "Falcoale"]
[WhiteElo "1780"]
[BlackElo "1920"]
[Result "0-1"]
[Round "1"]
1.e4 c5
2.Ng1f3 Nb8c6
3.Nb1c3 e6
4.Bf1c4 a6
5.a3 b5
6.Bc4a2 Bc8b7
7.d3 Bf8d6
8.Bc1g5 f6
9.Bg5h4 Ng8e7
10.O-O Qd8c7
11.Bh4g3 O-O
12.d4 Kh8
13.dxc5 Bd6xg3
14.fxg3 b4
15.Nc3e2 bxa3
16.bxa3 Ra8d8
17.Ra1b1 a5
18.Qd1d6 Qc7xd6
19.cxd6 Ne7g6
20.c3 Nc6e5
21.Nf3d2 Bb7a6
22.c4 Rd8c8
23.Rf1c1 Ne5d3
24.Rc1c3 Nd3e5
25.Rb1b6 Rc8a8
26.Ne2c1 Ne5c6
27.Nc1d3 Nc6e5
28.Nd3c5 Ba6c8
29.h4 Rf8e8
30.Nd2f1 Ne5c6
31.Nf1d2 f5
32.Ba2b1 f4
33.gxf4 Ng6xf4
34.Kh2 Nc6e5
35.Nd2f3 Ne5g6
36.e5 Re8f8
37.Bb1xg6 Nf4xg6
38.Nc5e4 Ra8a7
39.c5 Bc8b7
40.Ne4g3 Bb7c6
41.Rc3e3 Bc6xf3
42.Re3xf3 Kg8
43.c6 dxc6
44.Rb6xc6 Rf8xf3
45.gxf3 Ng6xe5
 { time }
0-1

[Event "Tourn. n9925"]
[Site "www.echecsemail.com"]
[Date "2018.09.03"]
[Round "1"]
[White "Julian"]
[Black "J1j6"]
[WhiteElo "1750"]
[BlackElo "1840"]
[Result "0-1"]
[Round "1"]
1.e4 e6
2.d4 d5
3.Nb1d2 Nb8c6
4.Ng1f3 dxe4
5.Nd2xe4 f5
6.Bc1g5 Bf8e7
7.Bg5xe7 Qd8xe7
8.Ne4c5 Ng8f6
 { time }
0-1

[Event "Match"]
[Site "www.echecsemail.com"]
[Date "2018.09.03"]
[Round "1"]
[White "Joskomol"]
[Black "Micheles"]
[WhiteElo "2240"]
[BlackElo "2550"]
[Result "1/2-1/2"]
[Round "1"]
1.e4 c6
2.Nb1c3 d5
3.Ng1f3 Bc8g4
4.exd5 cxd5
5.a3 Nb8c6
6.d4 e6
7.Nc3b5 a6
8.Nb5c3 Bg4xf3
9.gxf3 { draw }
1/2-1/2

[Event "Match"]
[Site "www.echecsemail.com"]
[Date "2018.09.03"]
[Round "1"]
[White "Joskomol"]
[Black "Gimmyg"]
[WhiteElo "2240"]
[BlackElo "2540"]
[Result "1/2-1/2"]
[Round "1"]
1.e4 e6
2.Ng1f3 b6
3.d4 Bc8b7
4.Nb1c3 d6
5.Bc1g5 Ng8f6
6.a3 h6
7.Bg5xf6 Qd8xf6
8.Bf1b5 c6
9.Bb5d3 g5
10.O-O g4
11.Nf3e1 h5
12.Nc3e2 Nb8d7
13.f3 Qf6e7
14.a4 a6
15.Ne2g3 { draw }
1/2-1/2

[Event "Match"]
[Site "www.echecsemail.com"]
[Date "2018.09.03"]
[Round "1"]
[White "J1j6"]
[Black "Guidom"]
[WhiteElo "2020"]
[BlackElo "2190"]
[Result "1/2-1/2"]
[Round "1"]
1.c4 c5
2.Nb1c3 Ng8f6
3.e3 b6
4.d4 Nb8c6
5.d5 Nc6e5
6.Ng1f3 Ne5xf3
7.Qd1xf3 d6
8.h3 Bc8b7
9.Bf1d3 g6
10.b3 Bf8g7
11.Bc1b2 O-O
12.Ra1b1 a6
13.Nc3e4 Nf6xe4
14.Bd3xe4 Bg7xb2
15.Rb1xb2 b5
16.O-O Qd8d7
17.cxb5 axb5
18.Rf1a1 b4
19.Qf3d1 { draw }
1/2-1/2

[Event "Tourn. n9848"]
[Site "www.echecsemail.com"]
[Date "2018.09.03"]
[Round "1"]
[White "Welberth"]
[Black "Alvarin111"]
[WhiteElo "2020"]
[BlackElo "1970"]
[Result "1-0"]
[Round "1"]
1.d4 e6
2.e4 d5
3.Nb1d2 a6
4.Ng1f3 Nb8c6
5.Bf1d3 Ng8e7
6.O-O Ne7g6
7.Nd2b3 Bf8e7
8.e5 O-O
9.Nf3e1 f5
10.f4 h6
11.a3 Bc8d7
12.Ne1f3 Bd7e8
13.Bc1e3 Ng6h8
14.Qd1e1 Be8h5
15.Nb3a5 Nc6xa5
16.Qe1xa5 Nh8g6
17.Ra1c1 b6
18.Qa5d2 c5
19.c3 Ra8c8
20.Bd3xa6 Rc8b8
21.Ba6b5 Qd8c7
22.a4 Ng6h4
23.Nf3xh4 Be7xh4
24.c4 Qc7b7
25.dxc5 bxc5
26.Be3xc5  { time }
1-0

[Event "Tourn. n9917"]
[Site "www.echecsemail.com"]
[Date "2018.09.03"]
[Round "1"]
[White "Ejner"]
[Black "Coolant"]
[WhiteElo "2410"]
[BlackElo "2350"]
[Result "1-0"]
[Round "1"]
1.Ng1f3 c5
2.g3 Nb8c6
3.Bf1g2 e5
4.c4 Ng8f6
5.Nb1c3 g6
6.O-O Bf8g7
7.d3 O-O
8.Bc1g5 h6
9.Bg5xf6 Bg7xf6
10.Ra1b1 d6
11.Nc3d5 Bc8e6
12.Nf3d2 Bf6g7
13.a3 Qd8d7
14.b4 Ra8b8
15.bxc5 dxc5
16.Nd2e4 b6
17.Nd5f6 { resign }
1-0

[Event "Match"]
[Site "www.echecsemail.com"]
[Date "2018.09.03"]
[Round "1"]
[White "Pablincho"]
[Black "Ztornad"]
[WhiteElo "1809"]
[BlackElo "1720"]
[Result "0-1"]
[Round "1"]
1.e4 e5
2.Ng1f3 d6
3.Bf1c4 Qd8f6
4.h3 a6
5.a3 b5
6.Bc4a2 Ng8e7
7.Nb1c3 Nb8c6
8.d3 h6
9.O-O Ne7g6
10.Nc3d5 Qf6d8
11.Nf3h2 Nc6d4
12.f4 exf4
13.Bc1xf4 Bc8e6
14.Bf4e3 Nd4c6
15.Qd1f3 Nc6e5
16.Qf3f2 Qd8d7
17.Nd5f4 Ng6xf4
18.Be3xf4 Be6xa2
19.Ra1xa2 g5
20.Bf4xe5 dxe5
21.Qf2f6 Rh8h7
22.Qf6xe5 Qd7e7
23.Qe5f5 f6
24.Nh2g4 Kd8
25.Qf5d5 Qe7d7
26.Qd5xa8 Qd7c8
27.Qa8d5 Qc8d7
28.Qd5a8 Qd7c8
29.Qa8xc8 Kxc8
30.Rf1xf6 Bf8e7
31.Rf6xa6 Be7c5
32.Kh1 h5
33.Ng4f6 Rh7f7
34.Ra6e6 h4
35.c3 Bc5d6
 { time }
0-1